Word Ladder: 5-Letter Sounds Quiz Stats

 Plays Quiz Updated Nov 29, 2016

Support Sporcle.
Go Orange.
Score 0/64 Timer 07:00
2 Plays Today
Hint 5- Letter Word % Correct
* Duck sound *QUACK
99.1%
Acting with speedQUICK
93%
Small streamCREEK
90.3%
* Rusty door sound *CREAK
90.3%
* Frog sound *CROAK
90.2%
A bone fractureBREAK
88.4%
Baked flour, water & yeastBREAD
88.4%
General Motors car brandBUICK
87.3%
Block of baked clayBRICK
87.2%
Black birdsCROWS
86.3%
* 2 glasses sound *CLINK
86.1%
Actor Russell of 'Gladiator'CROWE
85.5%
Spasm in the neckCRICK
84.5%
Little in sizeSMALL
84.2%
* Sleeping sound *SNORE
83.6%
Thick earthenware potCROCK
83.3%
Of low qualityCHEAP
83.1%
'This too ___ pass'SHALL
82.9%
A genetic copyCLONE
82.6%
Patsy the country singerCLINE
82.3%
* Baby bird sound *CHEEP
81.8%
Spike on a shoeCLEAT
81.8%
Break the rulesCHEAT
81.7%
Having little heightSHORT
81%
* Goat sound *BLEAT
79.7%
An old witchCRONE
79.6%
ReekSTINK
79.2%
* Angry bull sound *SNORT
79.1%
Insolent boldnessCHEEK
78.1%
Piece of clothingSHIRT
78%
Vertebrate backboneSPINE
78%
Exposed and barrenBLEAK
77.6%
Hint 5- Letter Word % Correct
Pattern on a shoe soleTREAD
76.8%
Move alone furtivelySLINK
76.7%
Give off lightSHINE
76.5%
* Guard dog sound *GROWL
74.4%
A cold feelingCHILL
74.2%
England countySHIRE
74%
Fungus reproductive bodySPORE
73.8%
South American countryCHILE
73.2%
* Bird sound *CHIRP
73%
Tapering tower roofSPIRE
72%
Cultivated or producedGROWN
71.1%
Tree-dwelling apeCHIMP
69.4%
Sneaky promoterSHILL
69.3%
* Doorbell sound *CHIME
67.5%
* Sad puppy sound *WHINE
67.4%
* Bad pun sound *GROAN
66.9%
Hunt stealthilyPROWL
64.4%
Spiral-shelled molluskSNAIL
63%
Period of timeWHILE
63%
Bows of shipsPROWS
62.9%
Unexpected source of joyTREAT
62.7%
Yours, archiacallyTHINE
61.5%
Spinal cut of meatCHINE
61.4%
String of twisted threadsTWINE
61%
Porcine creaturesSWINE
60.5%
Online free message senderS-MAIL
59.5%
* Mad wolf sound *SNARL
55.2%
Eminent or distinguishedGREAT
54.1%
House of Robb and AryaSTARK
53.3%
Old four-penny coinGROAT
51.7%
Mocking sarcasmsSNARK
48.7%
A young bull or cowSTIRK
48.5%

Today's Daily Dose

You're not logged in!

Compare scores with friends on all Sporcle quizzes.
OR
Log In

From the Vault

Find the Missing Food and Drinks in Books

by timmylemoine1

Just don't spill anything on the pages!
Remove Ads.
Support Sporcle.
Get the best of Sporcle when you Go Orange. This ad-free experience offers more features, more stats, and more fun while also helping to support Sporcle. Thank you for becoming a member.

Show Comments

Extras

Top Quizzes Today


Score Distribution

Your Account Isn't Verified!

In order to create a playlist on Sporcle, you need to verify the email address you used during registration. Go to your Sporcle Settings to finish the process.

Report this User

Report this user for behavior that violates our Community Guidelines.

Details: